| 000 | 00392nam a2200133 u 4500 | ||
|---|---|---|---|
| 001 | 000020395 | ||
| 005 | 20200929170410.0 | ||
| 008 | 100813s1972 000 0 spa d | ||
| 040 |
_aDO-SdBNP _bspa _cBNPHU |
||
| 082 |
_axxx _bxxxx |
||
| 245 | 1 | 0 |
_aLa dominación de América Latina. / _cJosé Matos Mar, Comp. |
| 260 |
_aBuenos Aires, : _bAmorrortu Editores, _c1972. |
||
| 300 |
_a180 p. ; _c21 cm. |
||
| 999 |
_c19899 _d19899 |
||